MAYA PYRAMID MYSTERY / (Record no. 204060)

MARC details
000 -LEADER
fixed length control field 01678nam a2200325 ia4500
003 - CONTROL NUMBER IDENTIFIER
control field OSt
005 - DATE AND TIME OF LATEST TRANSACTION
control field 20260429115012.0
008 - FIXED-LENGTH DATA ELEMENTS--GENERAL INFORMATION
fixed length control field 260429t20252025enka jr 000 1 eng d
020 ## - INTERNATIONAL STANDARD BOOK NUMBER
International Standard Book Number 9780241718568
Terms of availability RM 57.95
Qualifying information paperback
040 ## - CATALOGING SOURCE
Original cataloging agency PPAK
Language of cataloging eng
Transcribing agency PPAK
Description conventions rda
082 04 - DEWEY DECIMAL CLASSIFICATION NUMBER
Edition number 23
Classification number 813.6
090 00 - LOCALLY ASSIGNED LC-TYPE CALL NUMBER (OCLC); LOCAL CALL NUMBER (RLIN)
Classification number (OCLC) (R) ; Classification number, CALL (RLIN) (NR) 813.6
Feature heading BAI
Feature heading K
100 1# - MAIN ENTRY--PERSONAL NAME
Personal name Baines, Becky,
Relator term author.
245 10 - TITLE STATEMENT
Title MAYA PYRAMID MYSTERY /
Statement of responsibility, etc. Becky Baines.
264 #1 - PRODUCTION, PUBLICATION, DISTRIBUTION, MANUFACTURE, AND COPYRIGHT NOTICE
Place of production, publication, distribution, manufacture London :
Name of producer, publisher, distributor, manufacturer Dorling Kindersley Limited,
Date of production, publication, distribution, manufacture, or copyright notice 2025
Date of production, publication, distribution, manufacture, or copyright notice ©2025
300 ## - PHYSICAL DESCRIPTION
Extent 133 pages :
Other physical details illustrations ;
Dimensions 21 cm
336 ## - CONTENT TYPE
Content type term text
Source rdacontent
337 ## - MEDIA TYPE
Media type term unmediated
Source rdamedia
338 ## - CARRIER TYPE
Carrier type term volume
Source rdacarrier
490 1# - SERIES STATEMENT
Series statement You've Got This!
500 ## - GENERAL NOTE
General note "Pick-your-own adventure"--Cover.
520 ## - SUMMARY, ETC.
Summary, etc. Have you ever wished you could step inside a story and change its outcome? Now you can! This adventure gives you the power to make good choices for the characters and alter how the story plays out. Cami is heading off on the trip of a lifetime---she's joining her mom, Dr. Evangeline Suarez, at an ancient Maya city in Yucatan State, Mexico. The only snag? She'll also be babysitting her two younger brothers. When the boys go missing and she potentially stumbles on the find of the century, can she pull the pieces of an ancient mystery together to save her brothers and save the day? Choose from 15 different paths leading to different outcomes. Success is up to you!
650 10 - SUBJECT ADDED ENTRY--TOPICAL TERM
Topical term or geographic name entry element Twins
Form subdivision Juvenile fiction
Topical term or geographic name entry element Missing children
Form subdivision Juvenile fiction
Topical term or geographic name entry element Maya architecture
Form subdivision Juvenile fiction
Topical term or geographic name entry element Amusement parks
Form subdivision Juvenile fiction
830 #0 - SERIES ADDED ENTRY--UNIFORM TITLE
Uniform title You've got this!
942 ## - ADDED ENTRY ELEMENTS (KOHA)
Source of classification or shelving scheme Dewey Decimal Classification
Koha item type Book

No items available.